000
00308nam a22001457a 4500
008
230912b ||||| |||| 00| 0 eng d
020
_a
6811240
041
_a
eng
080
_a
101
082
_a
101WOO
100
_a
44
101
_a
FILOZ
245
_a
MECHANICAL MAN
_c
WOOLDRIDGE.E.D
942
_2
udc
_c
BK
999
_c
60331
_d
60331